[Event "IECG CM.2001.0.00131"]
[Site "IECG email"]
[Date "2001.02.04"]
[Round "?"]
[White "Kisimenko, Nikolaj"]
[Black "Makovsky, Petr"]
[Result "1/2-1/2"]
[WhiteElo "2285"]
[BlackElo "2254"]
[PlyCount "55"]
[EventDate "2001.02.04"]
[EventType "tourn (corr)"]
[EventRounds "6"]
[SourceTitle "Corr 2008"]
[Source "ChessBase"]
[SourceDate "2008.06.24"]
[SourceVersion "1"]
[SourceVersionDate "2008.06.24"]
[SourceQuality "1"]

1. e4 e5 2. Nf3 Nc6 3. Bb5 a6 4. Ba4 Nf6 5. 0-0 Be7 6. Re1 b5 7. Bb3 0-0 8. a4 Bb7 9. d3 d6 10. c3 Na5 11. Ba2 c5 12. Na3 Qd7 13. axb5 axb5 14. Bd2 h6 15. b4 cxb4 16. cxb4 Nc6 17. Nxb5 Nxb4 18. Bxb4 Qxb5 19. Bc4 Qxb4 20. Rb1 Qc5 21. Rxb7 Ra7 22. Rb5 Qc8 23. Qb1 Nd7 24. Rc1 Nc5 25. Bd5 Qd7 26. h3 Ra6 27. Rb8 Qa7 28. Rxf8+ 1/2-1/2

[Event "IECG CM.2001.0.00131"]
[Site "IECG email"]
[Date "2001.02.04"]
[Round "?"]
[White "Salai, Josip"]
[Black "Kisimenko, Nikolaj"]
[Result "0-1"]
[WhiteElo "2013"]
[BlackElo "2285"]
[PlyCount "60"]
[EventDate "2001.02.04"]
[EventType "tourn (corr)"]
[EventRounds "6"]
[SourceTitle "Corr 2008"]
[Source "ChessBase"]
[SourceDate "2008.06.24"]
[SourceVersion "1"]
[SourceVersionDate "2008.06.24"]
[SourceQuality "1"]

1. d4 Nf6 2. c4 c5 3. d5 e6 4. Nc3 exd5 5. cxd5 d6 6. e4 g6 7. f4 Bg7 8. Bb5+ Nfd7 9. Be2 0-0 10. Nf3 Re8 11. 0-0 Nf8 12. Qc2 a6 13. a4 Bg4 14. Re1 Nbd7 15. Be3 Rb8 16. Nd2 Bxe2 17. Rxe2 b5 18. Nd1 Nf6 19. Nf2 h5 20. axb5 axb5 21. Rae1 Ng4 22. Nxg4 hxg4 23. Rf1 c4 24. Ra1 Ra8 25. Ree1 Nd7 26. Rxa8 Qxa8 27. Re2 f5 28. exf5 Qxd5 29. fxg6 Nc5 30. Qb1 Nd3 0-1

[Event "IECG CM.1999.0.00091"]
[Site "IECG email"]
[Date "1999.??.??"]
[Round "?"]
[White "Kisimenko, Nikolaj"]
[Black "Delbecque, Christian"]
[Result "1/2-1/2"]
[WhiteElo "2000"]
[BlackElo "2285"]
[PlyCount "93"]
[EventDate "1999.10.19"]
[EventType "tourn (corr)"]
[EventRounds "6"]
[SourceTitle "Corr 2008"]
[Source "ChessBase"]
[SourceDate "2008.06.24"]
[SourceVersion "1"]
[SourceVersionDate "2008.06.24"]
[SourceQuality "1"]

1. e4 d5 2. exd5 Qxd5 3. Nc3 Qa5 4. d4 c6 5. Bc4 Bf5 6. Nf3 Nf6 7. Bd2 e6 8. Ne4 Qb6 9. Nxf6+ gxf6 10. Bc3 Nd7 11. Qe2 0-0-0 12. 0-0-0 Qc7 13. g3 Bg4 14. h3 Bh5 15. Kb1 Bg7 16. g4 Bg6 17. Nh4 Nb6 18. Ba5 Qf4 19. Nxg6 hxg6 20. c3 Rh4 21. Bd3 Rdh8 22. c4 Rxh3 23. Rxh3 Rxh3 24. c5 Nd7 25. Bxg6 Qf3 26. Qxf3 Rxf3 27. Bxf7 Nf8 28. Rd2 Rf4 29. Bh5 Nh7 30. Re2 Ng5 31. Bc3 Kd7 32. Kc2 Ke7 33. Kd3 Nh3 34. Bd2 Rxf2 35. Rxf2 Nxf2+ 36. Kc4 Ne4 37. Be3 Ng5 38. b4 Bh6 39. Kd3 Bg7 40. Bg6 Kd7 41. Ke2 Bf8 42. a4 a6 43. Kd3 Be7 44. Kc4 Bd8 45. b5 axb5+ 46. axb5 Nf3 47. Bd3 1/2-1/2

[Event "IECG CM.1999.0.00091"]
[Site "IECG email"]
[Date "1999.??.??"]
[Round "?"]
[White "Kisimenko, Nikolaj"]
[Black "Wolff, Steven D"]
[Result "1/2-1/2"]
[WhiteElo "2000"]
[BlackElo "2220"]
[PlyCount "64"]
[EventDate "1999.10.19"]
[EventType "tourn (corr)"]
[EventRounds "6"]
[SourceTitle "Corr 2008"]
[Source "ChessBase"]
[SourceDate "2008.06.24"]
[SourceVersion "1"]
[SourceVersionDate "2008.06.24"]
[SourceQuality "1"]

1. e4 d6 2. d4 Nf6 3. Nc3 g6 4. Be2 Bg7 5. Nf3 0-0 6. 0-0 Nc6 7. d5 Nb8 8. h3 c6 9. a4 a5 10. Bg5 Na6 11. Re1 Nb4 12. Bc4 Qc7 13. Bb3 Bd7 14. Qd2 Rfd8 15. Rad1 Be8 16. Bh6 Bh8 17. Bg5 b5 18. dxc6 bxa4 19. Bxa4 Bxc6 20. Bxc6 Nxc6 21. Bxf6 Bxf6 22. Nd5 Qb7 23. Nxf6+ exf6 24. b3 a4 25. Qf4 Qe7 26. Nd4 Nxd4 27. Rxd4 axb3 28. cxb3 f5 29. Red1 fxe4 30. Rxe4 Qb7 31. b4 d5 32. Red4 Rd7 1/2-1/2